01017cam a2200277 a 4500999001500000001000500015003000900020005001700029008004100046020001500087040002800102082002200130100002900152245013800181250001200319260004400331300003000375490003000405500002000435650005200455650005500507700002300562700002200585942001200607952012000619 c5676d56767005BD-DhUAP20201220102038.0201220s1991 mnu 001 0 eng  a0314874275 aDLCcDLCdBD-DhUAPbeng00a343.73087 FOL2231 aFolsom, Ralph Haughwout.10aInternational business transactions :ba problem-oriented coursebook /cRalph H. Folsom, Michael Wallace Gordon and John A. Spanogle. a2nd ed. a[St. Paul, Minn.] :bWest Pub.,cc1991. alix, 1237 pages ;c27 cm. aAmerican casebook series. aIncludes index. 0aForeign trade regulationzUnited StatesxCases. 0aInvestments, AmericanxLaw and legislationxCases.1 aGordon, Michael W.1 aSpanogle, John A. 2ddccBK 00102ddc4070aUAPCLbUAPCLcGeneral Stacksd2020-12-20o343.73087 FOLp3010007005r2020-12-20t1w2020-12-20yBK